[Event "Hengelo U12 op"]
[Site "Hengelo"]
[Date "2005.08.12"]
[Round "10"]
[White "Holtland, Diderick"]
[Black "Pijpers, Arthur"]
[Result "0-1"]
[WhiteElo "1299"]
[BlackElo "1827"]
[PlyCount "84"]
[EventDate "2005.08.??"]
[EventType "swiss"]
[EventRounds "13"]
[EventCountry "NED"]
[SourceTitle "CBM 107 Extra"]
[Source "ChessBase"]
[SourceDate "2005.09.01"]
[SourceVersion "1"]
[SourceVersionDate "2005.09.01"]
[SourceQuality "1"]

1. f4 Nf6 2. Nf3 d5 3. e3 c5 4. b3 g6 5. Bb2 Bg7 6. Bd3 0-0 7. 0-0 Nc6 8. Qe2 e6 9. c4 Nb4 10. Na3 Nxd3 11. Qxd3 a6 12. Rad1 Bd7 13. Ne5 Be8 14. Rfe1 Rb8 15. Nc2 b5 16. Qe2 bxc4 17. Rb1 cxb3 18. axb3 Bb5 19. Qf3 Ne4 20. Red1 f6 21. d3 Ng5 22. fxg5 fxe5 23. Qg3 Rf5 24. h4 Qe7 25. Ne1 Rbf8 26. Nf3 Qb7 27. Kh2 d4 28. e4 Rf4 29. Ba3 Qb6 30. Qh3 Kh8 31. Rbc1 Rb8 32. Rc2 Rf7 33. Ng1 Bd7 34. Rb2 Qa5 35. Rc1 Qxa3 36. Rbb1 Rf2 37. Qg3 Rbf8 38. Kh1 Rb2 39. Rxb2 Qxb2 40. Rxc5 Qxb3 41. Ra5 Bb5 42. Ra1 Qxd3 0-1

[Event "Hengelo U12 op"]
[Site "Hengelo"]
[Date "2005.08.10"]
[Round "6"]
[White "Terlouw, Mario"]
[Black "Holtland, Diderick"]
[Result "1-0"]
[WhiteElo "1550"]
[BlackElo "1299"]
[PlyCount "58"]
[EventDate "2005.08.??"]
[EventType "swiss"]
[EventRounds "13"]
[EventCountry "NED"]
[SourceTitle "CBM 107 Extra"]
[Source "ChessBase"]
[SourceDate "2005.09.01"]
[SourceVersion "1"]
[SourceVersionDate "2005.09.01"]
[SourceQuality "1"]

1. e4 e5 2. Nf3 Nc6 3. d4 d6 4. Bb5 Bd7 5. 0-0 f6 6. Nc3 Nge7 7. dxe5 fxe5 8. Bg5 h6 9. Bh4 g5 10. Bg3 Ng6 11. Nd2 h5 12. f3 h4 13. Bf2 Nf4 14. Nd5 h3 15. g3 Nxd5 16. exd5 Nd4 17. Bxd7+ Qxd7 18. c3 Nf5 19. Ne4 Be7 20. Qd3 Rg8 21. Be3 Nxe3 22. Qxe3 g4 23. Rad1 b6 24. f4 0-0-0 25. f5 Rdf8 26. f6 Bxf6 27. Nxf6 Rxf6 28. Rxf6 Qb5 29. Rf2 Qxd5 1-0